|
|
|
|
| LEADER |
02168nem a22004572a 4500 |
| 001 |
mzk03001061506 |
| 003 |
CZ BrMZK |
| 005 |
20150127074651.0 |
| 007 |
aj|ca||| |
| 008 |
080402s1760 gw d||||||a|||r|0|||freod |
| 034 |
1 |
|
|a a
|b 290000
|d E0060630
|e E0080827
|f N0523010
|g N0502249
|
| 040 |
|
|
|a BOA001
|b cze
|
| 043 |
|
|
|a e-gx---
|
| 072 |
|
7 |
|a 912:904
|x Staré mapy
|2 Konspekt
|9 7
|
| 080 |
|
|
|a (084.3)
|2 MRF
|
| 080 |
|
|
|a (430.119)
|2 MRF
|
| 080 |
|
|
|a 912.43:069.5
|2 MRF
|
| 100 |
1 |
|
|a Rizzi Zannoni, Giovanni Antonio,
|d 1736-1814
|7 mzk2008448929
|4 aut
|
| 245 |
1 |
0 |
|a Carte Du Théatre De La Guerre Présente En Westphaliae Avec Les Pays Voisins
|h [kartografický dokument] /
|c Dressée D'Après Les Memoires De Mr. Rizzi-Zannoni ; Gravé par Jean Conr: Back à Francfort
|
| 255 |
|
|
|a Měřítko [ca 1:290 000]
|c (006°06´30" v.d.--008°08´27" v.d./052°30´10" s.š.--050°22´49" s.š.)
|
| 260 |
|
|
|a à Francfort sur le Mein :
|b Chez Henry Louis Broenner Imprimeur Libraire et Marchand de Cartes geographiques aupres la Cathédrale,
|c [1760?]
|
| 300 |
|
|
|a 1 mapa :
|b mědirytina, ručně kolorovaná ;
|c 53 x 83 na listu 67 x 99 cm, složeno na 51 x 68 cm
|
| 500 |
|
|
|a V pravém dolním rohu názvová kartuš, hranice územních celků kolorovány
|
| 500 |
|
|
|a Západní polovina mapy je uložena pod sign. Moll-0005.838
|
| 510 |
3 |
|
|a IKAR
|
| 510 |
3 |
|
|a www(Ryhiner Map Collection)
|
| 510 |
4 |
|
|a Kuchař, K. Mapová sbírka B.P. Molla,
|c s. 444
|
| 655 |
|
7 |
|a historické mapy
|7 fd186723
|2 czenas
|
| 650 |
0 |
4 |
|a Mollova mapová sbírka
|
| 650 |
0 |
7 |
|a mapové sbírky
|z Česko
|7 ph182407
|2 czenas
|
| 610 |
2 |
7 |
|a Moravská zemská knihovna (Brno, Česko).
|b Mapová sbírka B.P. Molla
|7 mzk2005304487
|2 czenas
|
| 651 |
|
7 |
|a Severní Porýní-Vestfálsko (Německo)
|7 ge130790
|2 czenas
|
| 700 |
1 |
|
|a Back, Jakob Conrad,
|d činný 18. století
|7 mzk2008448938
|4 egr
|
| 856 |
4 |
1 |
|u http://mapy.mzk.cz/mzk03/001/061/506/2619320724
|y Digitalizovaný dokument
|
| 903 |
|
|
|a RP
|
| 910 |
|
|
|a BOA001
|b Moll-0005.838,1
|
| 978 |
|
|
|b Brönner, Heinrich Ludwig
|a Frankfurt a.M.
|c 1760
|
| 984 |
|
|
|a Frankfurt nad Mohanem
|b Německo
|
| 985 |
|
|
|a 1751-1800
|
| 990 |
|
|
|a MP
|
| 991 |
|
|
|k mzk
|